[Event "IND-ch U09 Girls 37th"]
[Site "Pune"]
[Date "2024.12.31"]
[Round "8"]
[White "Singh, Aarini"]
[Black "Swara, Rahul Gandhi"]
[Result "0-1"]
[WhiteElo "1533"]
[BlackElo "1456"]
[PlyCount "100"]
[EventDate "2024.12.27"]
[EventType "swiss"]
[EventRounds "11"]
[EventCountry "IND"]
[SourceTitle "CB02_2025"]
[SourceDate "2025.01.08"]
[SourceVersion "1"]
[SourceVersionDate "2025.01.08"]
[SourceQuality "1"]

1. e4 c5 2. Nf3 d6 3. d4 cxd4 4. Nxd4 Nf6 5. Nc3 g6 6. Be2 Bg7 7. Be3 0-0 8. f4 Nc6 9. 0-0 Bd7 10. Kh1 Rc8 11. Qd2 Ng4 12. Bxg4 Bxg4 13. h3 Bd7 14. Rad1 Na5 15. Qf2 Nc4 16. Bc1 a6 17. Nce2 Qc7 18. b3 Nb6 19. c4 Rfe8 20. f5 Rf8 21. Qh4 Bf6 22. Bg5 Bxg5 23. Qxg5 Qd8 24. Qh6 Kh8 25. Rf4 Rg8 26. Rh4 Rg7 27. Rf1 Rc5 28. g4 Kg8 29. g5 gxf5 30. exf5 Bc6+ 31. Nxc6 bxc6 32. f6 Rgxg5 33. Qxh7+ Kf8 34. fxe7+ Qxe7 35. Rhf4 f5 36. Rxf5+ Rcxf5 37. Rxf5+ Rxf5 38. Qxf5+ Ke8 39. Qf3 Nd7 40. Kg1 Qg7+ 41. Kf2 Ne5 42. Qe3 Qf6+ 43. Ke1 Kf8 44. Ng1 c5 45. Ke2 Qg6 46. a3 Qc2+ 47. Kf1 Qb1+ 48. Kg2 Qg6+ 49. Kh2 Qe6 50. Nf3 Ng4+ 0-1